[Event "Ilmar Raud Memorial 2020"]
[Site "Viljandi"]
[Date "2020.07.10"]
[Round "7.3"]
[White "Miezis, Normunds"]
[Black "Laurusas, Tomas"]
[Result "0-1"]
[WhiteElo "2489"]
[BlackElo "2511"]
[Annotator "TA"]
[PlyCount "102"]
[EventDate "2020.07.08"]
[EventCountry "EST"]
[SourceTitle "playchess.com"]
[Source "ChessBase"]
[SourceQuality "1"]

{[%evp 19,102,12,12,0,17,7,9,0,29,17,16,27,34,17,20,20,17,0,24,0,25,0,0,-22,-11,-10,0,-31,-9,-12,-10,-22,0,-13,-14,-51,-38,-31,-43,-39,-40,-38,-6,-46,-39,-39,-36,-80,-32,-95,-96,-336,-310,-289,-289,-326,-342,-339,-352,-353,-326,-350,-340,-350,-349,-326,-339,-353,-360,-391,-391,-470,-482,-500,-458,-463,-463,-503,-477,-493,-482,-582,-571,-2836,-2813]} 1. c4 c6 2. e4 d5 3. cxd5 cxd5 4. exd5 Nf6 5. Nc3 Nxd5 6. Nf3 e6 7. d4 Bb4 8. Bd2 Nc6 9. Bd3 O-O 10. O-O Be7 11. Qb1 {B14: Caro-Kann: Panov-Botvinnik Attack with 5...e6 and 5...g6.} g6 12. Bh6 Re8 13. Rd1 {[#] The position is equal.} Bf8 $146 ({Predecessor:} 13... Qb6 14. Be4 Nf6 15. a3 Nxe4 16. Nxe4 Qb3 17. Bg5 Kg7 18. Qc1 Qd5 19. Bh6+ Kg8 {1-0 (34) Maksimenko,A (2501)-Abergel,T (2436) Scanno 2005}) 14. Bxf8 Rxf8 15. Qc1 Nce7 16. Qh6 {[#] aiming for Ng5.} f6 17. Rac1 Rf7 18. h4 Bd7 19. Ne4 b6 (19... Nf5 $5 20. Qd2 $8 Bc6 $11) 20. Qd2 Rc8 21. Nd6 {And now Rxc8 would win.} Rxc1 22. Rxc1 Rg7 23. a3 Qb8 (23... Bc6 $5 {[%cal Rd8d6]} 24. Ne4 Bb7 $11) 24. Ne4 Rf7 25. g3 Rf8 26. Re1 Kg7 27. Qe2 Qc7 28. Bb5 Rc8 29. Bxd7 Qxd7 30. h5 Re8 31. Kg2 Nf5 32. hxg6 hxg6 33. Rh1 Rc8 34. Ned2 (34. Re1 $15) 34... Rc2 $17 35. Ne1 $2 {Now White is beyond hope.} (35. Rb1 $17) 35... Qc6 36. Nef3 {[#]} Nxd4 $1 {[%mdl 512]} 37. Qe4 (37. Nxd4 Nf4+) 37... Nxf3 38. Nxf3 e5 {...Nf4+! is the strong threat.} ({Weaker is} 38... Rxb2 39. Rd1 $19) 39. Re1 Rxb2 40. Kg1 Qc2 41. Qxc2 Rxc2 $19 {[%mdl 4096] Endgame KRN-KRN} 42. Rd1 Rc5 43. Nd2 Nc3 44. Re1 Ra5 45. f4 exf4 {Black is clearly winning.} 46. gxf4 Nd5 47. f5 Rxa3 48. fxg6 Kxg6 49. Kf2 Ra2 50. Rg1+ Kf5 51. Ke2 Nf4+ {Accuracy: White = 60%, Black = 86%.} 0-1

[Event "Ilmar Raud Memorial 2020"]
[Site "Viljandi"]
[Date "2020.07.10"]
[Round "7.3"]
[White "Miezis, Normunds"]
[Black "Laurusas, Tomas"]
[Result "*"]
[WhiteElo "2489"]
[BlackElo "2511"]
[Annotator "TA"]
[PlyCount "34"]
[EventDate "2020.07.08"]
[EventCountry "EST"]
[SourceTitle "playchess.com"]
[Source "ChessBase"]
[SourceQuality "1"]

{[%evp 11,13,0,18,17]} 1. c4 c6 2. e4 d5 3. cxd5 cxd5 4. exd5 Nf6 5. Nc3 Nxd5 6. Nf3 e6 7. d4 {[#] A rather calm draw. B14: Caro-Kann: Panov-Botvinnik Attack with 5...e6 and 5...g6.} {Predecessor:} Bb4 $146 8. Bd2 Nc6 9. Bd3 Nf6 10. Be3 O-O 11. O-O Bxc3 12. bxc3 b6 13. Bg5 Bb7 14. Re1 Rc8 15. Rc1 Ne7 16. Ne5 Ng6 17. Bxg6 hxg6 {0-1 (38) Lagarde,M (2598)-Fridman,D (2625) Paris 2017} *

[Event "Ilmar Raud Memorial 2020"]
[Site "Viljandi"]
[Date "2020.07.10"]
[Round "7.4"]
[White "Volodin, Aleksandr"]
[Black "Sakalauskas, Vaidas"]
[Result "1/2-1/2"]
[WhiteElo "2497"]
[BlackElo "2335"]
[Annotator "TA"]
[PlyCount "96"]
[EventDate "2020.07.08"]
[EventCountry "EST"]
[SourceTitle "playchess.com"]
[Source "ChessBase"]
[SourceQuality "1"]

{[%evp 14,96,14,10,12,7,6,0,0,-29,-15,-15,-16,-12,-7,-8,-14,-12,0,0,0,0,44,39,48,55,52,43,56,54,49,49,64,49,85,91,87,41,31,0,0,0,0,0,0,-9,-14,-77,-72,-114,0,0,0,0,0,0,0,0,0,0,0,0,0,0,0,0,0,0,0,0,0,0,0,0,0,0,0,0,0,0,0,0,0,0,0]} 1. d4 Nf6 2. c4 g6 3. Nc3 d5 4. cxd5 Nxd5 5. Bd2 Bg7 6. e4 Nb6 7. Be3 O-O 8. h3 e5 {[%cal Re5d4] D85: Exchange Grünfeld: Unusual White 7th moves and lines with 7 Nf3.} 9. dxe5 Bxe5 10. Nf3 (10. Qb1 {is interesting.} Bg7 11. Nf3 Qe7 12. Be2 Nc6 13. O-O) 10... Qxd1+ 11. Rxd1 (11. Nxd1 {keeps more tension.} Bg7 12. Rc1 Nc6 13. Bb5 f5 14. exf5 Bxf5 15. O-O) 11... Bxc3+ $1 12. bxc3 Be6 {[#]} 13. Rd2 $146 ({Predecessor:} 13. Ra1 N8d7 14. Nd2 Rfe8 15. Be2 Na4 16. Rc1 Nac5 17. c4 f6 18. O-O Rad8 19. Rfd1 {½-½ (27) Kierzek,M (2180)-Strobel,W (2121) Freudenstadt 2019}) 13... Nc6 14. Nd4 $36 {[%mdl 2048] White is more active.} Nxd4 15. cxd4 Nc4 16. Rc2 Nxe3 17. fxe3 c6 18. Bd3 Rad8 19. Ke2 f5 20. e5 Bd5 21. Bc4 Rf7 22. Rb1 Re7 23. g4 Bxc4+ 24. Rxc4 $14 {[%mdl 4096] Endgame KRR-KRR} Kf7 25. Rf1 Ke6 26. e4 Rf7 27. Ke3 Rdf8 28. g5 h6 29. gxh6 {With the idea Rg1.} Rh8 30. Rc2 (30. h4 $11 {remains equal.}) 30... Rxh6 $17 31. Rf3 fxe4 (31... Rh4 $17 32. exf5+ gxf5) 32. Rxf7 $11 {The position is equal.} Kxf7 $17 {KR-KR} 33. Rb2 Rxh3+ 34. Kxe4 Rh4+ 35. Kd3 b6 {Threatens to win with ...Ke6.} 36. Rc2 {[#]} c5 $1 {[%mdl 512]} 37. dxc5 bxc5 38. Rxc5 Ra4 39. Rc6 g5 40. Rf6+ Ke7 41. Rg6 g4 42. Ke3 a5 43. Ra6 Kf7 (43... Rxa2 $5 44. Kf4 $8 a4 $11) 44. Rf6+ Ke7 45. Ra6 g3 {[#] Strongly threatening ...Rg4.} (45... Rxa2 $5 46. Kf4 $8 Ra4+ 47. Kg3 Rc4 $11) 46. Kf3 Ra3+ 47. Kg2 a4 48. Kh3 Kf7 {Accuracy: White = 83%, Black = 92%.} 1/2-1/2

[Event "Ilmar Raud Memorial 2020"]
[Site "Viljandi"]
[Date "2020.07.10"]
[Round "7.5"]
[White "Chukavin, Kirill"]
[Black "Kanep, Meelis"]
[Result "1-0"]
[WhiteElo "2348"]
[BlackElo "2465"]
[Annotator "TA"]
[PlyCount "47"]
[EventDate "2020.07.08"]
[EventCountry "EST"]
[SourceTitle "playchess.com"]
[Source "ChessBase"]
[SourceQuality "1"]

{[%evp 12,47,5,7,51,16,66,72,110,112,102,101,147,150,169,-23,-22,-79,0,0,0,0,0,-91,316,318,439,362,716,694,742,734,742,740,701,706,700,686]} 1. e4 c5 2. Nc3 d6 3. f4 g6 4. Nf3 Bg7 5. Bc4 e6 6. d4 cxd4 7. Nxd4 {And now Ndb5 would win.} a6 {B23: Closed Sicilian: Lines without g3.} 8. f5 d5 {[#]} 9. fxe6 $146 ({Predecessor:} 9. Bb3 gxf5 10. O-O dxe4 11. Nxf5 exf5 12. Bxf7+ Ke7 13. Qxd8+ Kxd8 14. Nd5 Bd4+ 15. Kh1 e3 16. Rd1 Nc6 17. Rxd4 Nxd4 18. Bxe3 Nxc2 19. Bg5+ Kd7 20. Rc1 {1-0 (20) Crawley,G-Soyer,J Bagneux 1984}) 9... dxc4 {White is better.} 10. exf7+ Kxf7 11. O-O+ Ke8 12. Nd5 {Threatens to win with Bf4.} Nc6 13. Nxc6 $2 (13. Be3 $1 $18 {aiming for Nxc6.} Rb8 14. c3) 13... bxc6 $11 14. Qf3 {[%csl Gf1][%cal Rf3f7]} Be6 {[#]} ({Black should try} 14... Ra7 $1 $17 15. Be3 Rb7) 15. Bg5 $1 $40 {[%cal Rg5d8][%mdl 640] Black needs to defend precisely.} Qd6 ({But not} 15... Qxg5 $2 16. Nc7+ Ke7 17. Nxe6 $18) 16. Rae1 Ra7 $1 {[%cal Ra7f7]} 17. Bf4 {[#]} (17. Nf4 $11 Nh6 18. e5 $1 {[%mdl 512]} (18. Nxe6 Qxe6 19. Rd1 Ra8 $11) 18... Qc5+ 19. Kh1) 17... Qd7 $2 {[%mdl 8192] [#] This costs Black the game.} (17... Qd8 $1 $17 {stays on course.} 18. c3 Rb7) 18. Be5 $1 $18 {[%mdl 512]} Rb7 {Now ...Nh6 and Black clings on.} (18... Bxe5 19. Qf8#) 19. Qa3 h6 $2 (19... cxd5 20. exd5 Nf6 21. Bxf6 Qxd5 22. Qxa6 Bxf6 23. Rxe6+ Be7 24. Qa8+ Kd7 25. Rxe7+ Kxe7 26. Qxh8 Kd6) 20. Bxg7 {White is clearly winning.} Qxg7 21. Qd6 Bd7 22. Nc7+ Rxc7 23. Qxc7 Ne7 24. Rd1 {Accuracy: White = 72%, Black = 29%.} 1-0

[Event "Ilmar Raud Memorial 2020"]
[Site "Viljandi"]
[Date "2020.07.10"]
[Round "7.5"]
[White "Chukavin, Kirill"]
[Black "Kanep, Meelis"]
[Result "*"]
[WhiteElo "2348"]
[BlackElo "2465"]
[Annotator "TA"]
[PlyCount "32"]
[EventDate "2020.07.08"]
[EventCountry "EST"]
[SourceTitle "playchess.com"]
[Source "ChessBase"]
[SourceQuality "1"]

{[%evp 9,10,0,22]} 1. e4 c5 2. Nc3 d6 3. f4 g6 4. Nf3 Bg7 5. Bc4 e6 {[#]} {Predecessor:} 6. O-O $146 {B23: Closed Sicilian: Lines without g3.} Ne7 7. d3 Nbc6 8. f5 gxf5 9. Bg5 h6 10. Bh4 Qb6 11. Rb1 a6 12. Kh1 Bd7 13. Qe1 f4 14. g3 fxg3 15. Bxg3 Nd4 16. Nxd4 cxd4 {0-1 (37) Ponomariov,R (2631)-Efimenko,Z (2602) chess.com INT 2020} *

[Event "Ilmar Raud Memorial 2020"]
[Site "Viljandi"]
[Date "2020.07.10"]
[Round "7.6"]
[White "Sepp, Olav"]
[Black "Narva, Mai"]
[Result "1-0"]
[WhiteElo "2410"]
[BlackElo "2333"]
[Annotator "TA"]
[PlyCount "33"]
[EventDate "2020.07.08"]
[EventCountry "EST"]
[SourceTitle "playchess.com"]
[Source "ChessBase"]
[SourceQuality "1"]

{[%evp 20,33,27,20,385,385,390,394,391,389,389,394,394,389,379,367]} 1. Nf3 Nf6 2. g3 b6 3. Bg2 Bb7 4. O-O e6 5. c4 Be7 6. Nc3 O-O 7. d4 Ne4 8. Qc2 Nxc3 9. Qxc3 c5 10. Rd1 Bf6 11. Qc2 {[#] Ng5 is the strong threat. is the legacy move (11.Qb3).} Qe7 $146 {[%mdl 8192] E19: Queen's Indian: Old Main Line with 7...Ne4 8 Qc2 Nxc3 8 Qxc3.} (11... Nc6 $11 {and Black is okay.}) ({Predecessor:} 11... Nc6 12. Be3 Qe7 13. Rd2 Rfd8 14. Rad1 d6 15. h4 h6 16. Qa4 a6 17. dxc5 bxc5 18. g4 Rac8 19. Qb3 {½-½ (43) Ftacnik,L (2554)-Vovk,Y (2617) Slovakia 2016}) 12. Ng5 $1 $18 {White is winning.} Bxg5 13. Bxg5 ({Not} 13. Bxb7 Bxc1 14. Bxa8 Bg5 $18) 13... Qxg5 14. Bxb7 Nc6 15. Bxa8 Nxd4 16. Rxd4 cxd4 17. Bf3 {Black got outplayed after the opening} 1-0

[Event "Ilmar Raud Memorial 2020"]
[Site "Viljandi"]
[Date "2020.07.10"]
[Round "7.6"]
[White "Sepp, Olav"]
[Black "Narva, Mai"]
[Result "*"]
[WhiteElo "2410"]
[BlackElo "2333"]
[Annotator "TA"]
[PlyCount "40"]
[EventDate "2020.07.08"]
[EventCountry "EST"]
[SourceTitle "playchess.com"]
[Source "ChessBase"]
[SourceQuality "1"]

{[%evp 9,10,15,15]} 1. Nf3 Nf6 2. g3 b6 3. Bg2 Bb7 4. O-O e6 5. c4 Be7 {[#]} {Predecessor:} 6. Nc3 $146 {A17: English Opening: 1...Nf6 with ...Bb4.} O-O 7. Re1 Ne4 8. Nxe4 Bxe4 9. d3 Bb7 10. e4 c5 11. d4 cxd4 12. Nxd4 d6 13. b3 a6 14. Bb2 Nd7 15. Qd2 Qc7 16. Rad1 Rac8 17. h3 Rfd8 18. Kh2 Bf8 19. Qg5 Qc5 20. Qe3 Ne5 {1-0 (56) Jones,G (2688)-Abasov,N (2632) chess24.com INT 2020} *

[Event "Ilmar Raud Memorial 2020"]
[Site "Viljandi"]
[Date "2020.07.11"]
[Round "8.1"]
[White "Neiksans, Arturs"]
[Black "Laurusas, Tomas"]
[Result "1/2-1/2"]
[WhiteElo "2557"]
[BlackElo "2511"]
[Annotator "TA"]
[PlyCount "33"]
[EventDate "2020.07.08"]
[EventCountry "EST"]
[SourceTitle "playchess.com"]
[Source "ChessBase"]
[SourceQuality "1"]

{[%evp 13,20,10,41,34,37,34,42,38,43]} 1. e4 c6 2. Nc3 d5 3. Nf3 Bg4 4. h3 Bxf3 5. Qxf3 e6 6. g3 Nf6 7. Bg2 dxe4 8. Nxe4 {White is slightly better. B11: Caro-Kann: Two Knights Variation.} Nxe4 9. Qxe4 Be7 10. O-O Nd7 {[#] White took control after the opening.} {Predecessor:} 11. d4 $146 O-O 12. Rd1 Nf6 13. Qe2 Qb6 14. c4 Rfd8 15. Be3 Qa6 16. b3 Qa3 17. Rd3 {½-½ (32) Wang,H (2709)-Esipenko,A (2564) Riadh 2017} 1/2-1/2

[Event "Ilmar Raud Memorial 2020"]
[Site "Viljandi"]
[Date "2020.07.11"]
[Round "8.2"]
[White "Sepp, Olav"]
[Black "Meshkovs, Nikita"]
[Result "1/2-1/2"]
[WhiteElo "2410"]
[BlackElo "2582"]
[Annotator "TA"]
[PlyCount "120"]
[EventDate "2020.07.08"]
[EventCountry "EST"]
[SourceTitle "playchess.com"]
[Source "ChessBase"]
[SourceQuality "1"]

{[%evp 11,120,28,15,14,60,51,44,52,57,46,55,56,58,55,76,69,71,57,64,45,45,45,40,34,55,53,63,4,8,0,0,-17,-18,-12,27,-46,-42,-37,-49,-35,-41,-89,-81,-68,-77,-88,-82,-96,-81,-88,-78,-87,-59,-85,-61,-70,-25,-22,-8,-8,-8,-20,0,0,0,0,0,-5,-5,-8,-8,-8,-8,-8,-5,-5,-5,-5,0,0,0,-8,-8,-8,-8,-8,-8,-8,-8,-8,-8,-8,-7,-8,-7,-7,0,-7,0,0,0,0,0,0,0,0,0,0,0,0,0]} 1. Nf3 d5 2. g3 Nc6 3. d4 Bf5 4. Bg2 Nb4 5. Na3 e6 6. O-O Nf6 7. Nh4 {D02: 1 d4 d5 2 Nf3 sidelines, including 2...Nf6 3 g3 and 2...Nf6 3 Bf4.} Bg6 8. Nxg6 hxg6 9. c4 {White is slightly better.} c6 10. Qb3 {[#]} Qd7 $146 ({Predecessor:} 10... a5 11. Bd2 Be7 12. Nc2 Nxc2 13. Qxc2 Qb6 14. e3 Kf8 15. Rab1 g5 16. c5 Qc7 {1-0 (63) Petrov,N (2438)-Gattenloehner,S (2267) Switzerland 2015}) 11. Rd1 Be7 12. Nb1 Rd8 13. Nc3 Na6 14. Bf4 O-O 15. Bh3 dxc4 16. Qxc4 Nd5 17. Bc1 Qd6 18. e4 Nb6 19. Qb3 ({White should play} 19. Qe2 $14) 19... Qb4 $11 20. Be3 Nc4 21. Bf1 Nxe3 22. fxe3 Bg5 23. Bxa6 (23. Kf2 $1 $11) 23... Bxe3+ 24. Kg2 Qxb3 25. axb3 bxa6 26. d5 cxd5 27. exd5 Rd6 28. dxe6 Rxe6 29. Nd5 Bg5 30. h4 Bd8 31. Kf3 Rfe8 32. Rd3 Kh7 33. b4 Rc6 34. b5 $1 {[%cal Rb5c6]} axb5 {Threatens to win with ...a5.The position is equal.} 35. Rxa7 Rc1 36. Nf4 Re7 37. Rxe7 Bxe7 {[%mdl 4096] Endgame KRB-KRN} 38. Rd7 Bf6 39. Rxf7 Rb1 40. Nd5 Bxb2 {[#] Strongly threatening ...Rf1+.} 41. Rb7 Be5 {Hoping for ...Rb3+.} 42. g4 Rh1 43. Rxb5 Rxh4 44. Nf4 Bc3 45. Rc5 Bf6 46. g5 Be7 47. Rd5 Rh1 48. Kg4 Rg1+ 49. Kh4 Rc1 50. Kg4 Rc4 51. Kf3 Rc6 52. Kg4 Kg8 53. Rd7 Kf8 54. Rc7 {[%mdl 64] [#] Decoy} Rxc7 55. Ne6+ Kf7 56. Nxc7 Bd6 57. Nd5 Ke6 58. Ne3 Bb4 59. Ng2 Bd2 60. Nh4 $1 Kf7 {Accuracy: White = 90%, Black = 90%.} 1/2-1/2

[Event "Ilmar Raud Memorial 2020"]
[Site "Viljandi"]
[Date "2020.07.11"]
[Round "8.3"]
[White "Kulaots, Kaido"]
[Black "Chukavin, Kirill"]
[Result "1/2-1/2"]
[WhiteElo "2524"]
[BlackElo "2348"]
[Annotator "TA"]
[PlyCount "79"]
[EventDate "2020.07.08"]
[EventCountry "EST"]
[SourceTitle "playchess.com"]
[Source "ChessBase"]
[SourceQuality "1"]

{[%evp 15,79,21,27,23,26,26,28,33,30,12,30,24,32,12,17,15,13,12,7,11,22,14,12,0,2,0,0,0,10,2,40,45,46,51,42,32,105,101,116,80,73,91,111,21,25,0,0,0,0,0,0,0,0,0,0,0,0,0,0,0,0,0,0,0,0,0]} 1. e4 e5 2. Nf3 Nf6 3. Nc3 Bb4 4. Nxe5 O-O 5. Be2 Re8 6. Nd3 Bxc3 7. dxc3 Nxe4 8. O-O d5 9. Re1 {C42: Petroff Defence: 3 Nxe5 and unusual White 3rd moves.} c6 10. Bf1 Bf5 11. f3 {White has an edge.} Nf6 {[#]} 12. a4 $146 ({Predecessor:} 12. Rxe8+ Qxe8 13. Bg5 Nbd7 14. Qd2 h6 15. Be3 Qf8 16. a4 a5 17. b3 Re8 18. Qf2 {1-0 (38) Fernandez,D (2440)-Maerevoet,S (2385) Belgium 2019}) 12... a5 13. Rxe8+ Nxe8 14. Bf4 Na6 15. Qe2 Nec7 16. Qf2 Ne6 {[#] ...Bxd3 is the strong threat.} 17. Be3 Nb8 {[%cal Ba6b8,Bb8d7,Bd7c5][%mdl 32]} 18. Rd1 Qf6 19. g4 Bxd3 20. Bxd3 Nd7 21. f4 Qe7 22. c4 Nec5 23. cxd5 {And now d6! would win.} Nxd3 24. Rxd3 cxd5 25. Qf3 Nc5 (25... Qb4 $14) 26. Rxd5 $16 Nxa4 27. Rb5 Re8 28. Rxb7 Qd6 29. Kg2 (29. Rb5 $16) 29... h6 $11 30. Bf2 Nc5 {The position is equal.} 31. Ra7 Ne6 32. Be3 Nd4 33. Bxd4 Qxd4 {[%mdl 64] [#] Double Attack} 34. Ra8 Rxa8 35. Qxa8+ {[%mdl 64] Double Attack. KQ-KQ} Kh7 36. Qxa5 Qe4+ {[%mdl 64] Double Attack} 37. Kg3 {Strongly threatening Qf5+.} Qe3+ 38. Kg2 {aiming for Qe5.} Qe2+ 39. Kg3 {Threatens to win with Qc5.} Qe3+ 40. Kg2 {Accuracy: White = 84%, Black = 90%.} 1/2-1/2

[Event "Ilmar Raud Memorial 2020"]
[Site "Viljandi"]
[Date "2020.07.11"]
[Round "8.4"]
[White "Shishkov, Andrei"]
[Black "Volodin, Aleksandr"]
[Result "1/2-1/2"]
[WhiteElo "2390"]
[BlackElo "2497"]
[Annotator "TA"]
[PlyCount "121"]
[EventDate "2020.07.08"]
[EventCountry "EST"]
[SourceTitle "playchess.com"]
[Source "ChessBase"]
[SourceQuality "1"]

{[%evp 11,121,37,30,5,5,5,10,4,7,14,56,69,114,108,96,89,118,108,111,108,120,102,107,92,93,97,92,31,120,118,119,116,118,122,114,113,127,108,136,98,127,0,143,129,206,136,153,143,153,122,234,122,275,268,404,364,367,367,406,328,595,573,689,366,367,268,463,228,221,213,213,199,199,200,193,193,352,253,253,215,262,224,253,253,287,287,287,287,287,287,363,348,363,341,348,0,348,0,341,341,341,341,341,0,341,0,341,341,341,341,333,333]} 1. d4 d5 2. c4 e6 3. Nc3 Be7 4. Nf3 Nf6 5. Bf4 c6 6. e3 Nh5 7. c5 {D37: Queen's Gambit Declined: 5 Bf4.} Nxf4 8. exf4 {[#]} Qc7 $146 ({Predecessor:} 8... b6 9. b4 Qc7 10. g3 O-O 11. Bd3 a5 12. a3 Ba6 13. O-O Bxd3 14. Qxd3 Nd7 {0-1 (50) Bhakti,K (2281)-Xu,Y (2535) Danzhou 2016}) 9. g3 {The position is equal.} Nd7 10. b4 a5 11. b5 cxb5 12. Bxb5 b6 13. c6 Nf6 {White should prevent ...Bb4.} 14. O-O Bb4 15. Na4 Ne4 16. a3 Be7 17. Qb3 O-O 18. Rfc1 Nd6 19. Ne5 Bf6 (19... Ba6 $1 $14 20. Nc3 Bc8) 20. Rab1 $16 Rb8 21. Nc3 Bd8 22. a4 g6 23. h4 Kg7 24. Kg2 Nf5 25. Rd1 Nd6 26. Rdc1 Nf5 $1 27. Qd1 Be7 (27... f6 $16) 28. Be2 {[#] And now Nb5 would win.} Nd6 {intending ...f6.} 29. Nb5 $36 {[%mdl 2048] White is really pushing.} Nxb5 30. Bxb5 Ra8 {[#]} (30... h5 $16 31. Qb3 Ra8) 31. Qd3 ({White has to play} 31. h5 $1 $18) 31... Bd8 $2 (31... h5 $16 32. Qb3 Bb4) 32. h5 $18 f6 (32... Bf6 $142 33. Qb3 Rd8) 33. h6+ Kg8 34. Nd7 Rf7 35. Rc2 Qd6 $2 (35... f5 36. Re1 Re7 37. Nf6+ Kf7) 36. Re1 f5 37. Qe2 Re7 38. Rec1 Ra7 $2 (38... Bc7 39. Re1 Ra7) 39. Ne5 (39. Nf6+ $142 Kf8 40. Nd7+ Kf7 41. Kg1) 39... Rec7 40. Nf3 Bf6 41. Qd3 Ra8 42. Re1 Qf8 43. Ng5 Re7 $2 (43... Qd6 44. Qe3 Qb4) 44. Rce2 Bxg5 45. fxg5 Rf7 46. Re3 Qe7 47. f4 Qd6 48. Qe2 Re7 49. Rb3 Kf7 50. Rc1 Rc7 51. Qb2 Rb8 52. Rbc3 Ke7 53. Rb3 $2 (53. Kh3 $18) 53... Kd8 $2 {[%mdl 8192]} (53... Kf7 $1 $11 {and Black stays safe.} 54. Kg1 Ra8) 54. Rbc3 Ke7 $1 55. Qe2 Ra8 56. R1c2 Kd8 57. Rc1 Ke7 $1 58. Qb2 Rb8 $1 59. Kh3 {White has a decisive advantage.} Kd8 60. Qe2 Ra8 61. Kh4 {[%mdl 32768] Accuracy: White = 72%, Black = 52%. . An unexpected result.} 1/2-1/2

[Event "Ilmar Raud Memorial 2020"]
[Site "Viljandi"]
[Date "2020.07.11"]
[Round "8.5"]
[White "Vorobjov, Pavel"]
[Black "Miezis, Normunds"]
[Result "0-1"]
[WhiteElo "2269"]
[BlackElo "2489"]
[Annotator "TA"]
[PlyCount "42"]
[EventDate "2020.07.08"]
[EventCountry "EST"]
[SourceTitle "playchess.com"]
[Source "ChessBase"]
[SourceQuality "1"]

{[%evp 13,42,0,0,-34,-22,-36,-35,-40,-39,-74,-64,-68,-69,-79,-33,-81,-21,-69,-48,-164,-156,-288,-277,-293,-302,-525,-520,-818,-816,-812,-810]} 1. d4 Nf6 2. c4 e6 3. Nc3 Bb4 4. e3 O-O 5. Nge2 Re8 6. a3 Bf8 7. Ng3 d5 8. Bd2 {[#] E46: Nimzo-Indian: Rubinstein: 4 e3 0-0 5 Ne2 without early Bd3.} b6 $146 {[%cal Bb7b6,Bb6c5][%mdl 32]} ({Predecessor:} 8... c5 9. dxc5 Bxc5 10. Rc1 Nc6 11. Be2 dxc4 12. O-O Ne5 13. Nce4 Nxe4 14. Nxe4 Bf8 15. Bc3 Nd3 16. Bxd3 cxd3 {½-½ (45) Epishin,V (2578)-Volke,K (2476) Luebeck 2001}) 9. Qc2 c5 10. dxc5 {Black is slightly better.} bxc5 11. Bd3 Nc6 12. cxd5 exd5 13. O-O Ne5 14. Rfd1 Bb7 (14... h5 $17 15. Bb5 Bd7 16. Bxd7 Qxd7) 15. Bf1 Rc8 16. Nce2 ({White should try} 16. h3 $15) 16... h5 17. Qa4 {[#]} (17. Nf4 $17 {might work better.}) 17... Bc6 $1 $19 {[%cal Rc6a4]} 18. Qa5 Qd7 19. Nc3 $2 (19. Nf4 {was worth a try.} h4 20. Ngh5 Nxh5 21. Nxh5) 19... h4 {Black is clearly winning.} 20. Nh1 {[#]} (20. Nce2 $142) 20... Qg4 $1 {[%csl Gg4][%cal Re5f3][%mdl 512]} 21. Be2 Qg6 {Accuracy: White = 28%, Black = 83%.} 0-1

[Event "Ilmar Raud Memorial 2020"]
[Site "Viljandi"]
[Date "2020.07.11"]
[Round "8.6"]
[White "Seeman, Tarvo"]
[Black "Keso, Elias"]
[Result "1-0"]
[WhiteElo "2415"]
[BlackElo "2300"]
[Annotator "TA"]
[PlyCount "41"]
[EventDate "2020.07.08"]
[EventCountry "EST"]
[SourceTitle "playchess.com"]
[Source "ChessBase"]
[SourceQuality "1"]

{[%evp 13,41,17,27,22,22,16,16,25,25,24,26,0,0,0,9,-11,0,-30,0,0,42,4,128,142,137,130,213,215,957,915]} 1. Nf3 Nf6 2. g3 g6 3. Bg2 Bg7 4. O-O O-O 5. d4 d6 6. Re1 c5 7. dxc5 dxc5 8. Qxd8 {A49: 1 d4 Nf6 2 Nf3 g6 3 g3: Anti-King's Indian systems.} Rxd8 9. c3 Be6 10. Ng5 {The position is equal.} Bd5 11. e4 Bc6 12. e5 {[#]} Ne8 $146 ({Predecessor:} 12... Bxg2 13. exf6 exf6 14. Kxg2 fxg5 15. Bxg5 f6 16. Be3 b6 17. Na3 Nc6 18. Nc4 Rd5 {½-½ (49) Kurajica,B (2539)-Rukavina,J (2426) Sibenik 2005}) 13. e6 f6 $1 {[%cal Rf6g5]} 14. Nf7 Rc8 $1 15. Na3 Nc7 16. Bh3 f5 17. g4 Nxe6 (17... fxg4 $11 {keeps the balance.} 18. Bxg4 b5) 18. gxf5 $16 ({Inferior is} 18. Rxe6 Kxf7 19. Re2 (19. gxf5 gxf5 20. Rxc6 Nxc6 $17) 19... Bf6 $15) 18... Kxf7 19. fxg6+ ({Much less strong is} 19. fxe6+ $6 Kg8 $14) ({Weaker is} 19. Rxe6 gxf5 20. Re2 Rg8 $17) 19... Kf8 (19... Kxg6 $16 20. Rxe6+ Kf7) 20. Bxe6 $18 Rd8 $2 {[#]} (20... Bd7 21. Bxd7 Nxd7 22. gxh7 Bf6) 21. gxh7 {Accuracy: White = 81%, Black = 39%.} 1-0

[Event "Ilmar Raud Memorial 2020"]
[Site "Viljandi"]
[Date "2020.07.12"]
[Round "9.1"]
[White "Miezis, Normunds"]
[Black "Neiksans, Arturs"]
[Result "1/2-1/2"]
[WhiteElo "2489"]
[BlackElo "2557"]
[Annotator "TA"]
[PlyCount "19"]
[EventDate "2020.07.08"]
[EventCountry "EST"]
[SourceTitle "playchess.com"]
[Source "ChessBase"]
[SourceQuality "1"]

{[%evp 14,19,-11,-8,-6,-14,-5,-124]} 1. c4 e6 2. e4 d5 3. exd5 exd5 4. d4 Nf6 5. Nf3 Bb4+ 6. Bd2 Bxd2+ 7. Nbxd2 O-O 8. Be2 {The position is equal.} dxc4 {A51: Budapest Gambit, Fajarowicz Variation.} (8... Nc6 9. O-O Bg4 10. h3 Bh5 11. Rc1 Re8 12. Re1 dxc4 13. Nxc4 Nd5 14. Nfe5 Bxe2 15. Rxe2 Nf4 16. Re4 {½-½ (60) Miezis,N (2470)-Neiksans,A (2566) Riga 2018}) 9. Nxc4 Nc6 {[#]} 10. Bf1 $146 (10. Nce5 $11 {remains equal.}) ({Predecessor:} 10. O-O Be6 11. Rc1 Bd5 12. Nce5 Ne7 13. Re1 c6 14. Bd3 Bxf3 15. Nxf3 Ned5 16. Qd2 {½-½ (39) Dragun,K (2572)-Oliva Castaneda,K (2488) Barcelona 2015}) 1/2-1/2